| 000 | 004570000a22001570004500 | ||
|---|---|---|---|
| 005 | 20240503145038.0 | ||
| 008 | 230817t ||||| |||| 00| 0 eng d | ||
| 082 |
_a305.486 _bHEN |
||
| 100 | _aHensman, Rohini | ||
| 245 |
_aOppression within oppression : _bThe dilemma of Muslim women in India |
||
| 260 |
_aGrables : _bWomen living under Muslim laws, _c1987 |
||
| 300 | _a27 p. | ||
| 440 |
_aWorking paper _vNo.1 |
||
| 650 | _aMUSLIM WOMEN-India | ||
| 942 | _cREF | ||
| 999 |
_c925 _d925 |
||